| 000 | 00941pam a2200289 a 4500 | ||
|---|---|---|---|
| 001 | 2837 | ||
| 005 | 20240116155009.0 | ||
| 020 | _a9780823409761 | ||
| 040 |
_aDLC _cDLC _dDLC _beng |
||
| 050 | 0 | 0 | _aE842.Z9 |
| 082 | 0 | 0 | _a973.922 |
| 100 | 1 | _aAdler, David A. | |
| 245 | 1 | 2 |
_aA picture book of John F. Kennedy / _cby David A. Adler ; illustrated by Robert Casilla. |
| 250 | _aPrinted and bound in August 2013 | ||
| 260 |
_aNew York : _bHoliday House, _c1991 |
||
| 300 |
_a28 unnumbered pages : _bcolor illustrations ; _c21 cm. |
||
| 490 | 1 | _aPicture book biography | |
| 505 | _aR | ||
| 520 | _aDepicts the life and career of John F. Kennedy. | ||
| 521 |
_a730
_bLexile |
||
| 521 |
_aR
_bRaz-Plus |
||
| 650 | 0 |
_aPresidents _zUnited States _vBiography _vJuvenile literature. |
|
| 650 | 1 | _aPresidents. | |
| 700 | 1 |
_aCasilla, Robert _eillustrator |
|
| 906 |
_a7 _bcbc _corignew _d1 _eocip _f19 _gy-gencatlg |
||
| 942 |
_2ddc _cBK _n0 |
||
| 999 |
_c2837 _d2837 |
||